[Event "Wch Seniors 23rd 2013"]
[Site "Opatija"]
[Date "2013.11.23"]
[Round "11.31"]
[White "Mclaren, Brian"]
[Black "Stepovoj, Vladimir"]
[Result "1/2-1/2"]
[WhiteElo "2158"]
[BlackElo "2345"]
[PlyCount "48"]
[EventDate "2013.11.12"]

1. g3 d5 2. Bg2 c6 3. d3 Bf5 4. Nd2 e6 5. e4 dxe4 6. dxe4 Bg6 7. Ngf3 Nf6 8.
Ne5 Nbd7 9. Nxg6 hxg6 10. O-O Bc5 11. Qe2 Qc7 12. Nc4 e5 13. Bd2 b5 14. Ne3 O-O
15. a4 a6 16. b4 Bxe3 17. Bxe3 Nb6 18. Bc5 Rfe8 19. axb5 axb5 20. f3 Nc4 21.
Rfd1 Nd7 22. Bf2 Ndb6 23. Qe1 Red8 24. Bf1 Qb7 1/2-1/2

[Event "Wch Seniors 23rd 2013"]
[Site "Opatija"]
[Date "2013.11.23"]
[Round "11.32"]
[White "Jackson, Oliver A"]
[Black "Herbrechtsmeier, Christof"]
[Result "0-1"]
[WhiteElo "2154"]
[BlackElo "2302"]
[PlyCount "86"]
[EventDate "2013.11.12"]

1. e4 g6 2. Nc3 Bg7 3. f4 c6 4. d3 d5 5. Qe2 dxe4 6. dxe4 Nf6 7. Bd2 O-O 8. e5
Bg4 9. Nf3 Nd5 10. O-O-O f6 11. h3 Bxf3 12. gxf3 fxe5 13. fxe5 Nd7 14. Nxd5
cxd5 15. f4 Nc5 16. h4 Ne4 17. Qh2 Nxd2 18. Rxd2 Bh6 19. Rf2 Rxf4 20. Rxf4 Qf8
21. Kb1 Qxf4 22. Bg2 e6 23. Bh3 Re8 24. Qe2 Qe3 25. Qb5 Re7 26. Qb4 Qe4 27. Qe1
Qxe1+ 28. Rxe1 Bf4 29. Rf1 Bxe5 30. Re1 Bg3 31. Rxe6 Bxh4 32. Rxe7 Bxe7 33.
Be6+ Kg7 34. Bxd5 b6 35. Kc1 h5 36. Kd2 g5 37. Ke3 g4 38. a3 Kg6 39. b4 Kg5 40.
c4 h4 41. Kd4 h3 42. c5 bxc5+ 43. bxc5 Bxc5+ 0-1

[Event "Wch Seniors 23rd 2013"]
[Site "Opatija"]
[Date "2013.11.23"]
[Round "11.33"]
[White "Kiefer, Gerhard"]
[Black "Norman, Kenneth I"]
[Result "1/2-1/2"]
[WhiteElo "2271"]
[BlackElo "2173"]
[PlyCount "98"]
[EventDate "2013.11.12"]

1. e4 e5 2. Nf3 Nc6 3. Bb5 a6 4. Ba4 Nf6 5. O-O b5 6. Bb3 Be7 7. Re1 d6 8. c3
O-O 9. d4 Bg4 10. d5 Na5 11. Bc2 c6 12. h3 Bc8 13. dxc6 Qc7 14. Nbd2 Qxc6 15.
Nf1 Nc4 16. Ng3 g6 17. a4 Nb6 18. a5 Nbd7 19. Bh6 Re8 20. Qd2 Nf8 21. Ng5 Be6
22. Bxf8 Bxf8 23. Nxe6 fxe6 24. Bb3 Rad8 25. Rad1 Qc7 26. h4 Qf7 27. c4 Rb8 28.
cxb5 Rxb5 29. Bc4 Rc5 30. Bxa6 Qc7 31. Bd3 Rxa5 32. b4 Ra3 33. h5 Qb6 34. hxg6
hxg6 35. b5 Rea8 36. Qg5 Kf7 37. Rf1 Ra2 38. Bc4 Rc2 39. Rc1 Rxc1 40. Rxc1 Qd4
41. Be2 Ra1 42. Rxa1 Qxa1+ 43. Bf1 Qd4 44. Qc1 Qb6 45. Qc3 Be7 46. Be2 Bd8 47.
Qc8 Qc7 48. Qa8 Qb6 49. Qc8 Qc7 1/2-1/2

[Event "Wch Seniors 23rd 2013"]
[Site "Opatija"]
[Date "2013.11.23"]
[Round "11.34"]
[White "Nickl, Klaus"]
[Black "Kolbak, Jens"]
[Result "1/2-1/2"]
[WhiteElo "2122"]
[BlackElo "2271"]
[PlyCount "52"]
[EventDate "2013.11.12"]

1. d4 d5 2. Nf3 e6 3. Bf4 Bd6 4. Bg3 Nf6 5. Nbd2 Bxg3 6. hxg3 b6 7. e3 c5 8. c3
O-O 9. Ne5 Ba6 10. Bxa6 Nxa6 11. Qf3 cxd4 12. exd4 h6 13. g4 Nh7 14. Qd3 Nc7
15. f4 f6 16. Ng6 Rf7 17. O-O-O Qd6 18. Nf3 Ne8 19. g5 Rc8 20. gxh6 b5 21. Kb1
b4 22. cxb4 Qxb4 23. f5 Rb8 24. Rd2 Nc7 25. fxe6 Nxe6 26. Re1 Neg5 1/2-1/2

[Event "Wch Seniors 23rd 2013"]
[Site "Opatija"]
[Date "2013.11.23"]
[Round "11.35"]
[White "Giulian, Philip M"]
[Black "Balmazi, Leon"]
[Result "1/2-1/2"]
[WhiteElo "2244"]
[BlackElo "2159"]
[PlyCount "51"]
[EventDate "2013.11.12"]

1. d4 g6 2. c4 Bg7 3. e4 c5 4. d5 d6 5. Nc3 Nf6 6. Nge2 O-O 7. Ng3 a6 8. Be2 e6
9. O-O exd5 10. exd5 Re8 11. Bf4 h5 12. Bg5 Qc7 13. Qd2 Nbd7 14. h3 b6 15. Rae1
Rb8 16. a4 Nh7 17. Bh6 Bd4 18. Nge4 Ne5 19. Be3 Bxe3 20. Qxe3 f5 21. Ng5 Nxg5
22. Qxg5 Qe7 23. Qxe7 Rxe7 24. f4 Nf7 25. Bd3 Rbb7 26. Kf2 1/2-1/2

[Event "Wch Seniors 23rd 2013"]
[Site "Opatija"]
[Date "2013.11.23"]
[Round "11.36"]
[White "Kiselev, Alexander"]
[Black "Postler, Reinhard"]
[Result "1/2-1/2"]
[WhiteElo "2113"]
[BlackElo "2232"]
[PlyCount "20"]
[EventDate "2013.11.12"]

1. e4 c5 2. f4 e6 3. Nf3 a6 4. Nc3 d6 5. g3 Nc6 6. Bg2 Qc7 7. O-O Nf6 8. Kh1
Be7 9. d4 cxd4 10. Nxd4 Bd7 1/2-1/2

[Event "Wch Seniors 23rd 2013"]
[Site "Opatija"]
[Date "2013.11.23"]
[Round "11.37"]
[White "Hammar, Bengt"]
[Black "Hutchinson, Norman A"]
[Result "1-0"]
[WhiteElo "2231"]
[BlackElo "2106"]
[PlyCount "62"]
[EventDate "2013.11.12"]

1. d4 Nf6 2. Nf3 e6 3. Bf4 c5 4. e3 b6 5. Nbd2 Bb7 6. Bd3 Nc6 7. c3 Be7 8. h3
d5 9. O-O O-O 10. Qe2 Nh5 11. Bh2 f5 12. g4 fxg4 13. hxg4 Nf6 14. Ng5 Qd7 15.
f4 e5 16. Bf5 Nxd4 17. cxd4 Qa4 18. b3 Ba6 19. Qf2 Qb4 20. a3 Qa5 21. b4 Qa4
22. dxe5 g6 23. exf6 Bxf6 24. Be6+ Kg7 25. Bxd5 Bxg5 26. Bxa8 Bxf1 27. Rxf1
cxb4 28. Bf3 Bf6 29. axb4 Qxb4 30. Ne4 Be7 31. Rd1 Qa4 1-0

[Event "Wch Seniors 23rd 2013"]
[Site "Opatija"]
[Date "2013.11.23"]
[Round "11.38"]
[White "Toefferl, Heimo"]
[Black "Fucak, Emilijo"]
[Result "0-1"]
[WhiteElo "2089"]
[BlackElo "2223"]
[PlyCount "64"]
[EventDate "2013.11.12"]

1. d4 Nf6 2. c4 e6 3. Nc3 Bb4 4. a3 Bxc3+ 5. bxc3 d6 6. f3 O-O 7. e4 c5 8. Bd3
Nc6 9. Ne2 Ne8 10. Be3 b6 11. O-O Ba6 12. Qa4 Na5 13. Rfd1 Qc7 14. d5 Rd8 15.
dxe6 fxe6 16. Nf4 Qf7 17. Rab1 Nc7 18. Rb5 Bxb5 19. cxb5 d5 20. Nh3 c4 21. Bb1
dxe4 22. Bxe4 h6 23. Rb1 Nd5 24. Bd4 Qc7 25. Qc2 Nb3 26. Rxb3 cxb3 27. Qxb3 Kh8
28. Bb1 Nf6 29. f4 Rxd4 30. cxd4 Qc1+ 31. Kf2 Qd2+ 32. Kf3 Rc8 0-1

[Event "Wch Seniors 23rd 2013"]
[Site "Opatija"]
[Date "2013.11.23"]
[Round "11.39"]
[White "Hartung-Nielsen, Jens"]
[Black "Chubar, Vladimir"]
[Result "0-1"]
[WhiteElo "2219"]
[BlackElo "2071"]
[PlyCount "64"]
[EventDate "2013.11.12"]

1. d4 Nf6 2. Nf3 e6 3. e3 c5 4. Bd3 Nc6 5. O-O b6 6. b3 Bb7 7. Bb2 d5 8. Nbd2
Be7 9. Ne5 O-O 10. f4 cxd4 11. exd4 Nb4 12. Be2 Ne4 13. a3 Nc6 14. Bd3 f5 15.
Ndf3 Rc8 16. Qe2 Bd6 17. c4 Bxe5 18. Nxe5 Nxe5 19. fxe5 Qh4 20. Bxe4 dxe4 21.
g3 Qh3 22. Bc1 Rcd8 23. Be3 h6 24. Rf2 g5 25. Raf1 Rd7 26. Qd2 Kh7 27. d5 f4
28. gxf4 gxf4 29. Rxf4 Rg7+ 30. Kh1 Qxf1+ 31. Rxf1 Rxf1+ 32. Bg1 Rfxg1# 0-1

[Event "Wch Seniors 23rd 2013"]
[Site "Opatija"]
[Date "2013.11.23"]
[Round "11.40"]
[White "Nukin, Tolegen"]
[Black "Carlsten, Peter"]
[Result "1/2-1/2"]
[WhiteElo "2208"]
[BlackElo "1997"]
[PlyCount "94"]
[EventDate "2013.11.12"]

1. Nf3 f5 2. g3 Nf6 3. Bg2 g6 4. b3 Bg7 5. Bb2 O-O 6. O-O d6 7. d4 c6 8. c4 e5
9. dxe5 Ng4 10. Nc3 Nxe5 11. Nxe5 dxe5 12. Qxd8 Rxd8 13. Rfd1 Re8 14. e4 Na6
15. Na4 Be6 16. Rd2 Rad8 17. Rad1 Rxd2 18. Rxd2 Bc8 19. Kf1 Kf7 20. Ke2 Bh6 21.
Rd1 Nb4 22. Nc5 Bf8 23. Nd3 Nxd3 24. Rxd3 Bg7 25. Rd1 Re7 26. Rd8 Re8 27. Rd2
Re7 28. Ba3 Rd7 29. Bd6 Rd8 30. c5 Be6 31. Kd1 Bf8 32. Bxf8 Rxd2+ 33. Kxd2 Kxf8
34. Kc3 Ke7 35. h4 Kd7 36. a3 Ke7 37. b4 Kd7 38. Kd3 Ba2 39. Ke3 Bc4 40. Bh3
Ke6 41. g4 f4+ 42. Kd2 g5 43. h5 h6 44. Bg2 Ke7 45. Bf3 Be6 46. Be2 Kd7 47. Kc3
Kc7 1/2-1/2

[Event "Wch Seniors 23rd 2013"]
[Site "Opatija"]
[Date "2013.11.23"]
[Round "11.41"]
[White "Baeta, Marcio Netto"]
[Black "Vogel, Jaap"]
[Result "1/2-1/2"]
[WhiteElo "2068"]
[BlackElo "2191"]
[PlyCount "22"]
[EventDate "2013.11.12"]

1. e4 e6 2. d4 d5 3. Nc3 Bb4 4. Bd2 Ne7 5. e5 c5 6. a3 Bxc3 7. Bxc3 b6 8. Bb5+
Bd7 9. Be2 Nbc6 10. Nf3 Qc7 11. O-O cxd4 1/2-1/2

[Event "Wch Seniors 23rd 2013"]
[Site "Opatija"]
[Date "2013.11.23"]
[Round "11.42"]
[White "Gundersen, Helge"]
[Black "Ashby, Anthony C"]
[Result "1/2-1/2"]
[WhiteElo "2183"]
[BlackElo "2121"]
[PlyCount "28"]
[EventDate "2013.11.12"]

1. e4 e6 2. Qe2 c5 3. Nf3 Nc6 4. g3 d6 5. Bg2 Nf6 6. O-O Be7 7. d3 O-O 8. Re1
Bd7 9. Nbd2 Rc8 10. c3 b5 11. b3 e5 12. Nf1 b4 13. c4 Qa5 14. Ne3 Ra8 1/2-1/2

[Event "Wch Seniors 23rd 2013"]
[Site "Opatija"]
[Date "2013.11.23"]
[Round "11.44"]
[White "Krstic, Slobodan"]
[Black "Kostanjsek, Zorko"]
[Result "1-0"]
[WhiteElo "2027"]
[BlackElo "2177"]
[PlyCount "66"]
[EventDate "2013.11.12"]

1. e4 d6 2. f4 Nf6 3. Nc3 Bg4 4. Be2 Bxe2 5. Qxe2 c6 6. Nf3 e6 7. d4 Be7 8. O-O
O-O 9. Kh1 d5 10. e5 Nfd7 11. f5 exf5 12. Qd3 g6 13. Bh6 Re8 14. Rae1 Nf8 15.
Ne2 Ne6 16. Qe3 Nd7 17. h3 Bf8 18. g4 fxg4 19. hxg4 Bxh6 20. Qxh6 Qe7 21. Kg2
Qf8 22. Qd2 h6 23. Ng3 Rad8 24. Rh1 f6 25. Ref1 Qg7 26. exf6 Nxf6 27. Ne5 Nxd4
28. Nf7 Nxg4 29. Rf4 Ne3+ 30. Kf2 Ng4+ 31. Rxg4 Qxf7+ 32. Rf4 Nf5 33. Nxf5 gxf5
{dirty manuscript} 1-0

[Event "Wch Seniors 23rd 2013"]
[Site "Opatija"]
[Date "2013.11.23"]
[Round "11.45"]
[White "Hocevar, Nikola"]
[Black "Neumann, Joachim"]
[Result "1/2-1/2"]
[WhiteElo "1996"]
[BlackElo "2175"]
[PlyCount "36"]
[EventDate "2013.11.12"]

1. d4 Nf6 2. Nf3 e6 3. e3 b6 4. Bd3 Bb7 5. Nbd2 c5 6. O-O Nc6 7. c3 Qc7 8. a3
d5 9. b4 Be7 10. Qe2 Rd8 11. Bb2 e5 12. Nxe5 Nxe5 13. dxe5 Qxe5 14. Bb5+ Kf8
15. f4 Qe6 16. Bd3 Ne4 17. Nxe4 dxe4 18. Bc4 Bd5 1/2-1/2

[Event "Wch Seniors 23rd 2013"]
[Site "Opatija"]
[Date "2013.11.23"]
[Round "11.46"]
[White "Barle, Janez"]
[Black "Zhelesny, Stanislav"]
[Result "1-0"]
[WhiteElo "2356"]
[BlackElo "2109"]
[PlyCount "55"]
[EventDate "2013.11.12"]

1. e4 c6 2. d4 d5 3. exd5 cxd5 4. c4 e6 5. Nc3 Nf6 6. Nf3 Be7 7. cxd5 exd5 8.
Bb5+ Bd7 9. Bxd7+ Nbxd7 10. O-O O-O 11. Qb3 Nb6 12. Re1 Re8 13. Bg5 Ne4 14.
Nxe4 dxe4 15. Rxe4 Bxg5 16. Rxe8+ Qxe8 17. Nxg5 Qe7 18. Nf3 Rd8 19. h3 h6 20.
Re1 Qc7 21. Qa3 a6 22. Qe7 Rd7 23. Qe8+ Kh7 24. Qe4+ Kg8 25. Re2 Qc1+ 26. Kh2
Qc7+ 27. g3 Qc4 28. Ne5 1-0

[Event "Wch Seniors 23rd 2013"]
[Site "Opatija"]
[Date "2013.11.23"]
[Round "11.47"]
[White "Gromark, Per-Olof"]
[Black "Gruzmann, Boris"]
[Result "0-1"]
[WhiteElo "2102"]
[BlackElo "2249"]
[PlyCount "82"]
[EventDate "2013.11.12"]

1. d4 Nf6 2. Nf3 g6 3. Nc3 c5 4. dxc5 Na6 5. Qd4 Bg7 6. e4 O-O 7. e5 Ne8 8. Be3
Qa5 9. a3 d6 10. Bxa6 dxe5 11. Qh4 Qxa6 12. O-O-O f6 13. Rd8 Nc7 14. Rhd1 Bf5
15. R8d2 Rac8 16. Kb1 Be6 17. h3 Qc6 18. Qe4 Qa6 19. Qb4 h6 20. g4 Qc6 21. Nh4
Kh7 22. f4 exf4 23. Bf2 Na6 24. Qe4 Qxe4 25. Nxe4 f5 26. gxf5 gxf5 27. Nc3 Bxc3
28. bxc3 Nxc5 29. Bd4 Ne4 30. Rd3 Rg8 31. Rf1 Bc4 32. Nxf5 Bxd3 33. cxd3 Nxc3+
34. Kb2 Rg2+ 35. Kb3 Nd5 36. Bxa7 Rc3+ 37. Ka4 Ra2 38. Bd4 Raxa3+ 39. Kb5 Rab3+
40. Ka5 Rc8 41. Ka4 Rb4+ 0-1

[Event "Wch Seniors 23rd 2013"]
[Site "Opatija"]
[Date "2013.11.23"]
[Round "11.48"]
[White "Hjertenes, Oystein"]
[Black "Harestad, Thor Geir"]
[Result "1/2-1/2"]
[WhiteElo "2102"]
[BlackElo "2238"]
[PlyCount "119"]
[EventDate "2013.11.12"]

1. Nf3 g6 2. g3 Bg7 3. d4 d6 4. Bg2 Nf6 5. O-O O-O 6. c4 c6 7. Nc3 Qa5 8. e4
Bg4 9. h3 Bxf3 10. Qxf3 Nbd7 11. Rd1 e5 12. Be3 Rfe8 13. Qe2 a6 14. a4 Qc7 15.
Qd3 Rad8 16. Rac1 exd4 17. Bxd4 Nc5 18. Bxc5 dxc5 19. Qc2 Nd7 20. Ne2 Nf8 21.
b3 Ne6 22. Rxd8 Rxd8 23. Rd1 Bd4 24. Kf1 Qb6 25. h4 Qb4 26. Bh3 Nc7 27. Nf4 Ne8
28. Rd2 Qb6 29. Qd1 Qc7 30. Kg2 Qe7 31. f3 b5 32. axb5 axb5 33. cxb5 cxb5 34.
Ne2 Qa7 35. b4 Rd6 36. bxc5 Bxc5 37. Rxd6 Nxd6 38. e5 Ne8 39. Qd8 Qe7 40. Qxe7
Bxe7 41. Nd4 Nc7 42. Bd7 b4 43. Nb3 Nd5 44. Kf2 Bd8 45. f4 Bb6+ 46. Kf3 Kf8 47.
Bb5 Ke7 48. g4 Nc3 49. Bc4 f6 50. exf6+ Kxf6 51. g5+ Kg7 52. Be6 Nb5 53. f5
gxf5 54. Bxf5 Nd6 55. Bd3 Nf7 56. Bb1 Ne5+ 57. Kf4 Bc7 58. Kf5 Nf3 59. h5 Bd8
60. g6 1/2-1/2

[Event "Wch Seniors 23rd 2013"]
[Site "Opatija"]
[Date "2013.11.23"]
[Round "11.49"]
[White "Gamboa, Anibal"]
[Black "Giesen, Dieter"]
[Result "0-1"]
[WhiteElo "2096"]
[BlackElo "2235"]
[PlyCount "66"]
[EventDate "2013.11.12"]

1. b3 d5 2. Bb2 Bf5 3. e3 c6 4. Nf3 Nd7 5. Be2 h6 6. O-O e6 7. c4 Ngf6 8. Nc3
Bd6 9. Rc1 O-O 10. d3 Qe7 11. Re1 Bh7 12. d4 Bb4 13. Rf1 Rad8 14. Bd3 Ne4 15.
Qc2 f5 16. Ne1 g5 17. f3 Nxc3 18. Bxc3 Bd6 19. Qe2 Nf6 20. Nc2 Rf7 21. f4 Rg7
22. Kh1 Kh8 23. g3 Bg6 24. c5 Bb8 25. b4 Bh5 26. Qd2 Ne4 27. Bxe4 fxe4 28. Ne1
Rdg8 29. f5 Rf8 30. f6 Rxf6 31. Rxf6 Qxf6 32. Kg1 Rf7 33. Qg2 Qf5 {
dirtymanuscript} 0-1

[Event "Wch Seniors 23rd 2013"]
[Site "Opatija"]
[Date "2013.11.23"]
[Round "11.50"]
[White "Moen, Ole Christian"]
[Black "Kurka, Dieter"]
[Result "1-0"]
[WhiteElo "2232"]
[BlackElo "2091"]
[PlyCount "63"]
[EventDate "2013.11.12"]

1. e4 e5 2. Nf3 Nc6 3. Bb5 a6 4. Ba4 Nf6 5. O-O Be7 6. Re1 b5 7. Bb3 d6 8. c3
O-O 9. a4 Bd7 10. d4 exd4 11. cxd4 Na5 12. Bc2 b4 13. Nbd2 c5 14. e5 dxe5 15.
dxe5 Ne8 16. Ne4 h6 17. Nd6 Nxd6 18. exd6 Bf6 19. Ne5 c4 20. Nxc4 b3 21. Bxb3
Nxb3 22. Qxb3 Be6 23. Bf4 Bxb2 24. Qxb2 Bxc4 25. Re7 Rb8 26. Qc3 Bd5 27. Rae1
Rb7 28. Bxh6 gxh6 29. Qg3+ Kh8 30. Qe5+ Kh7 31. Qxd5 Rd7 32. Qf5+ 1-0

[Event "Wch Seniors 23rd 2013"]
[Site "Opatija"]
[Date "2013.11.23"]
[Round "11.52"]
[White "Agzamov, Valery"]
[Black "Koryabkin, Valery"]
[Result "1/2-1/2"]
[WhiteElo "2183"]
[BlackElo "2057"]
[PlyCount "46"]
[EventDate "2013.11.12"]

1. e4 c5 2. Nf3 a6 3. c3 d5 4. exd5 Qxd5 5. d4 Bg4 6. Be2 cxd4 7. cxd4 e6 8.
O-O Nc6 9. Nc3 Qd7 10. d5 exd5 11. Nxd5 Be6 12. Nf4 Be7 13. Nxe6 Qxe6 14. Re1
Rd8 15. Qa4 Qc8 16. Bg5 h6 17. Bh4 Nf6 18. Bxf6 Bxf6 19. Qe4+ Kf8 20. Rac1 Rd6
21. b4 Re6 22. Qb1 g6 23. a4 Qb8 1/2-1/2

[Event "Wch Seniors 23rd 2013"]
[Site "Opatija"]
[Date "2013.11.23"]
[Round "11.53"]
[White "Batakovs, Olegs"]
[Black "Ofstad, Per"]
[Result "1/2-1/2"]
[WhiteElo "2075"]
[BlackElo "2181"]
[PlyCount "46"]
[EventDate "2013.11.12"]

1. e4 e5 2. Nf3 Nc6 3. Bb5 a6 4. Ba4 Nf6 5. O-O Nxe4 6. d4 b5 7. Bb3 d5 8. dxe5
Be6 9. Nc3 Nxc3 10. bxc3 Be7 11. a4 O-O 12. Qd3 Qd7 13. Rd1 Rad8 14. axb5 axb5
15. Qxb5 Nxe5 16. Qxd7 Nxf3+ 17. gxf3 Bxd7 18. Ra5 c6 19. Be3 Bh3 20. Kh1 Rfe8
21. Rg1 Bf6 22. Rc5 Rd6 23. Ba4 Bd7 1/2-1/2

[Event "Wch Seniors 23rd 2013"]
[Site "Opatija"]
[Date "2013.11.23"]
[Round "11.54"]
[White "Markovic, Lazar"]
[Black "Andreas, Guenter"]
[Result "1/2-1/2"]
[WhiteElo "2172"]
[BlackElo "1990"]
[PlyCount "119"]
[EventDate "2013.11.12"]

1. e4 e5 2. Nf3 Nf6 3. Nxe5 d6 4. Nf3 Nxe4 5. d4 Be7 6. Bd3 Nf6 7. Nbd2 O-O 8.
h3 b6 9. O-O Ba6 10. Bxa6 Nxa6 11. Re1 Nb8 12. Nf1 h6 13. Ng3 Re8 14. Qd3 Bf8
15. Bd2 Rxe1+ 16. Rxe1 Nbd7 17. Nf5 Kh8 18. Qc4 Kg8 19. Qc6 Rc8 20. a4 a5 21.
b3 Nb8 22. Qc4 Qd7 23. Qd3 Re8 24. Rxe8 Qxe8 25. Kf1 Qe4 26. Qxe4 Nxe4 27. Be1
Nd7 28. Ke2 g6 29. Ne3 c6 30. Kd3 Nef6 31. c3 Be7 32. b4 Bd8 33. bxa5 bxa5 34.
c4 Kf8 35. Bc3 Ke7 36. Nd1 d5 37. c5 Ne4 38. Be1 Bc7 39. Nc3 Ndf6 40. Ng1 Nxc3
41. Bxc3 Ne4 42. Be1 Kd7 43. Ne2 Kc8 44. f3 Nf6 45. Bd2 h5 46. Nc1 Kb7 47. Nb3
Ka6 48. Ke2 h4 49. Bg5 Nh5 50. Ke3 Ng3 51. Kf2 Nf5 52. Ke2 Ng3+ 53. Kd3 Nf5 54.
Nd2 Kb7 55. f4 Kc8 56. Nf3 Kd7 57. Bxh4 Nxh4 58. Nxh4 Bxf4 59. Ke2 Ke6 60. g4
1/2-1/2

[Event "Wch Seniors 23rd 2013"]
[Site "Opatija"]
[Date "2013.11.23"]
[Round "11.55"]
[White "Samartsev, Alexander"]
[Black "Doubleday, William G"]
[Result "1-0"]
[WhiteElo "2160"]
[BlackElo "2037"]
[PlyCount "71"]
[EventDate "2013.11.12"]

1. d4 d5 2. Nf3 Nf6 3. c4 c6 4. cxd5 cxd5 5. Nc3 Nc6 6. e3 a6 7. h3 e6 8. Bd3
Be7 9. O-O Nd7 10. e4 dxe4 11. Bxe4 Nf6 12. Bc2 Nb4 13. Bb3 O-O 14. Re1 b5 15.
Ng5 Bb7 16. Qe2 Bd5 17. Nxd5 Nbxd5 18. Bd2 Qd7 19. Rac1 Rac8 20. Qd3 Bb4 21.
Bxd5 Bxd2 22. Bxe6 Rxc1 23. Rxc1 fxe6 24. Qxd2 e5 25. Nf3 exd4 26. Qxd4 Qxd4
27. Nxd4 Rd8 28. Nf3 Rd6 29. Ne5 h6 30. Rc2 Ne4 31. Kf1 g5 32. g4 Kg7 33. f3
Nf6 34. Rc7+ Kg8 35. Rc6 {dirtymanuscript} Rd8 36. Rxa6 1-0

[Event "Wch Seniors 23rd 2013"]
[Site "Opatija"]
[Date "2013.11.23"]
[Round "11.56"]
[White "Weisenburger, Horst"]
[Black "Yakovlev, Yuri S"]
[Result "1-0"]
[WhiteElo "2141"]
[BlackElo "1951"]
[PlyCount "93"]
[EventDate "2013.11.12"]

1. e4 c5 2. Nf3 e6 3. d4 cxd4 4. c3 d3 5. Bxd3 a6 6. O-O Qc7 7. a4 b6 8. Be3 d6
9. Nbd2 Nd7 10. Nc4 Bb7 11. Qe2 Be7 12. Rfd1 Ngf6 13. Bf4 e5 14. Bg5 h6 15. Bh4
g5 16. Bg3 h5 17. h4 g4 18. Nfd2 Nc5 19. Bc2 Ne6 20. Qe3 Nd7 21. f3 d5 22. Qd3
dxc4 23. Nxc4 Rd8 24. fxg4 hxg4 25. Qe2 Bc5+ 26. Kf1 Rg8 27. Rd5 f6 28. Rad1
Bxd5 29. exd5 Nef8 30. d6 Qc8 31. b4 b5 32. Nxe5 Nxe5 33. Bxe5 Qe6 34. bxc5
Qxe5 35. Qxe5+ fxe5 36. axb5 axb5 37. Bd3 Rb8 38. c6 Ne6 39. Re1 Rf8+ 40. Kg1
Kd8 41. Rxe5 Nc7 42. Re7 Nd5 43. Ra7 Rf6 44. c7+ Nxc7 45. dxc7+ Kc8 46. cxb8=Q+
Kxb8 47. Ra5 1-0

[Event "Wch Seniors 23rd 2013"]
[Site "Opatija"]
[Date "2013.11.23"]
[Round "11.57"]
[White "Meizlin, Yaacov"]
[Black "Diaz Franco, Francisco Jorge"]
[Result "1-0"]
[WhiteElo "2102"]
[BlackElo "1966"]
[PlyCount "87"]
[EventDate "2013.11.12"]

1. c4 e5 2. Nc3 Bb4 3. Nd5 Bc5 4. b4 Bd4 5. Rb1 c6 6. Nc3 Nf6 7. e3 Bxc3 8.
dxc3 d5 9. Nf3 Nbd7 10. cxd5 Nxd5 11. Qc2 O-O 12. Bd3 h6 13. O-O Re8 14. c4 Nc7
15. Bb2 c5 16. Rfd1 Qe7 17. Bf5 cxb4 18. Bxd7 Bxd7 19. Bxe5 Na6 20. Bd6 Qf6 21.
Qb2 Qf5 22. Bxb4 Bc6 23. Nd4 Qg6 24. Nxc6 Qxc6 25. Bc3 b6 26. Bxg7 Re6 27. Be5
Nc5 28. Rd5 Rg6 29. Rbd1 Ne6 30. Qb5 Qb7 31. Qd7 Qc8 32. f4 Nf8 33. Qxc8 Rxc8
34. Rd8 Rgc6 35. Rxc8 Rxc8 36. Rc1 Nd7 37. Bd4 f6 38. Kf2 b5 39. c5 Rc6 40. Kf3
Kf7 41. Ke4 Nb8 42. Rb1 a6 43. a4 Re6+ 44. Kd3 1-0

[Event "Wch Seniors 23rd 2013"]
[Site "Opatija"]
[Date "2013.11.23"]
[Round "11.58"]
[White "Falk, Thomas"]
[Black "Marks, Ian A"]
[Result "1/2-1/2"]
[WhiteElo "2131"]
[BlackElo "1948"]
[PlyCount "63"]
[EventDate "2013.11.12"]

1. Nf3 Nf6 2. c4 c5 3. d4 cxd4 4. Nxd4 Nc6 5. Nc3 e6 6. g3 Qb6 7. Nb3 Ne5 8. e4
Bb4 9. Qe2 d6 10. f4 Bxc3+ 11. bxc3 Nc6 12. Ba3 Na5 13. c5 dxc5 14. Bxc5 Qc7
15. Qb5+ Nc6 16. e5 Ne4 17. Bg2 Nxc5 18. Qxc5 Bd7 19. O-O-O O-O-O 20. Kb2 Kb8
21. Rd6 Ne7 22. Rhd1 Nf5 23. R6d3 Bc8 24. g4 Rxd3 25. Rxd3 Ne7 26. Qd6 h5 27.
g5 Ng6 28. Rd4 Re8 29. c4 Re7 30. Nc5 b6 31. Nd3 Rd7 32. Qxc7+ 1/2-1/2

[Event "Wch Seniors 23rd 2013"]
[Site "Opatija"]
[Date "2013.11.23"]
[Round "11.59"]
[White "Skok, Joze"]
[Black "Finnlaugsson, Gunnar"]
[Result "1/2-1/2"]
[WhiteElo "2003"]
[BlackElo "2082"]
[PlyCount "24"]
[EventDate "2013.11.12"]

1. e4 e6 2. d4 d5 3. Nd2 dxe4 4. Nxe4 Nf6 5. Bd3 Be7 6. Nf3 Nbd7 7. O-O O-O 8.
Qe2 Nxe4 9. Qxe4 Nf6 10. Qe2 b6 11. Re1 Bb7 12. c3 Bd5 1/2-1/2

[Event "Wch Seniors 23rd 2013"]
[Site "Opatija"]
[Date "2013.11.23"]
[Round "11.60"]
[White "Hess, Christian"]
[Black "Nilsson, Weine"]
[Result "1/2-1/2"]
[WhiteElo "2285"]
[BlackElo "2003"]
[PlyCount "69"]
[EventDate "2013.11.12"]

1. c4 c5 2. Nc3 Nc6 3. Nf3 Nf6 4. e3 d5 5. cxd5 Nxd5 6. Bb5 Ndb4 7. d4 a6 8.
Bxc6+ Nxc6 9. d5 Na5 10. e4 g6 11. Be3 b6 12. O-O Bg7 13. Qc1 O-O 14. Bh6 e6
15. Qf4 exd5 16. exd5 Nb7 17. Ne4 Re8 18. Bxg7 Kxg7 19. Rad1 Bf5 20. Ng3 Nd6
21. b4 Ra7 22. bxc5 bxc5 23. Ne5 Qf6 24. Nc6 Rd7 25. Qa4 Ne4 26. Nxe4 Bxe4 27.
Nb8 Rdd8 28. Nd7 Qf5 29. Nxc5 Bxd5 30. Nxa6 Re4 31. Qa5 Rg4 32. Qc3+ Kg8 33. f3
Rc4 34. Qd2 Qf6 35. Qd3 1/2-1/2

[Event "Wch Seniors 23rd 2013"]
[Site "Opatija"]
[Date "2013.11.23"]
[Round "11.61"]
[White "Belistri, Ubaldo"]
[Black "Yakimenko, Alexander A"]
[Result "0-1"]
[WhiteElo "2016"]
[BlackElo "2212"]
[PlyCount "32"]
[EventDate "2013.11.12"]

1. d4 Nf6 2. c4 e6 3. Nc3 Bb4 4. e3 O-O 5. Nf3 b6 6. Qc2 Bb7 7. Bd3 d6 8. Bd2
Nbd7 9. a3 Bxc3 10. Bxc3 Re8 11. O-O-O Qe7 12. Ng5 h6 13. Ne4 Bxe4 14. Bxe4
Nxe4 15. Qxe4 Nf6 16. d5 Nxe4 0-1

[Event "Wch Seniors 23rd 2013"]
[Site "Opatija"]
[Date "2013.11.23"]
[Round "11.62"]
[White "Singer, Hans"]
[Black "Trtanj, Zoran"]
[Result "1-0"]
[WhiteElo "2177"]
[BlackElo "1986"]
[PlyCount "67"]
[EventDate "2013.11.12"]

1. d4 Nf6 2. c4 e6 3. Nc3 b6 4. e4 Bb4 5. f3 Ba6 6. Bg5 h6 7. Bh4 g5 8. Bf2 Qe7
9. Bd3 Bxc3+ 10. bxc3 Qa3 11. Qb3 Qe7 12. Ne2 Nc6 13. Qa4 Na5 14. Nc1 O-O 15.
Nb3 Nxb3 16. axb3 Bb7 17. O-O Nh5 18. Rfe1 Nf4 19. Bf1 f5 20. Qa2 Qf7 21. Qc2
a5 22. g3 Nh5 23. Bg2 f4 24. g4 Nf6 25. c5 b5 26. Bf1 h5 27. h3 c6 28. c4 hxg4
29. hxg4 Qh7 30. Rec1 bxc4 31. bxc4 Rfb8 32. e5 Qxc2 33. Rxc2 Bc8 34. exf6 1-0

[Event "Wch Seniors 23rd 2013"]
[Site "Opatija"]
[Date "2013.11.23"]
[Round "11.63"]
[White "Archangelsky, Mikhail"]
[Black "Ramos, Cesar"]
[Result "0-1"]
[WhiteElo "2162"]
[BlackElo "2009"]
[PlyCount "94"]
[EventDate "2013.11.12"]

1. Nf3 Nf6 2. c4 e6 3. g3 c6 4. Bg2 d5 5. b3 Be7 6. O-O O-O 7. Bb2 Nbd7 8. d4
Re8 9. Nc3 Nf8 10. Qd3 Ng6 11. Rad1 Qc7 12. e4 Bd7 13. e5 Ng4 14. Bc1 Rad8 15.
h3 Nh6 16. Bxh6 gxh6 17. Qe3 Bf8 18. h4 Bg7 19. h5 Ne7 20. Bh3 b5 21. c5 Nf5
22. Qd2 Kh8 23. Rfe1 Rg8 24. Ne2 Rdf8 25. Nf4 Re8 26. Kh2 Qd8 27. Bf1 Bf8 28.
Bd3 Be7 29. Bxf5 exf5 30. e6 fxe6 31. Nxe6 Bxe6 32. Rxe6 Bg5 33. Nxg5 Rxg5 34.
Rxh6 Re4 35. f3 Re8 36. Re1 Reg8 37. Qe2 R5g7 38. Qe5 Qg5 39. Rxc6 Qxh5+ 40.
Kg2 Qg5 41. Kf2 Qh5 42. Rg1 Re8 43. Re6 Rxe6 44. Qxe6 f4 45. g4 Qh4+ 46. Kf1
Re7 47. Qc8+ Kg7 0-1